Five reasons why values will remain stable (Record no. 83580)

MARC details
000 -LEADER
fixed length control field 00866cab a22001935a 4500
001 - CONTROL NUMBER
control field L154332
008 - FIXED-LENGTH DATA ELEMENTS--GENERAL INFORMATION
fixed length control field 111114e20111104xxk 000 0 eng d
035 ## - SYSTEM CONTROL NUMBER
System control number (Sirsi) u154332
041 0# - LANGUAGE CODE
Language code of text/sound track or separate title eng
100 1# - MAIN ENTRY--PERSONAL NAME
Personal name Ljubic, Philip
245 00 - TITLE STATEMENT
Title Five reasons why values will remain stable
260 ## - PUBLICATION, DISTRIBUTION, ETC.
Date of publication, distribution, etc. 2011
490 #0 - SERIES STATEMENT
Series statement Property Week
Volume/sequential designation 77(44) 4 November 2011, 40(1)
520 ## - SUMMARY, ETC.
Summary, etc. Broader market volatility has brought out an increase in activity and interest in property derivatives. UK commercial physical property is likely to hold up over the next 15 months compared with other asset classes so property derivative prices are unlikely to start tumbling. Looks at five factors why values are likely to remain stable.
590 ## - LOCAL NOTE (RLIN)
Local note KA
651 #4 - SUBJECT ADDED ENTRY--GEOGRAPHIC NAME
Geographic name United Kingdom
Chronological subdivision
690 ## - LOCAL SUBJECT ADDED ENTRY--TOPICAL TERM (OCLC, RLIN)
Topical term or geographic name as entry element PROPERTY-COMMERCIAL PROPERTY-COMMERCIAL PROPERTY FINANCE AND INVESTMENT
942 ## - ADDED ENTRY ELEMENTS (KOHA)
Suppress in OPAC 0
Holdings
Withdrawn status Lost status Source of classification or shelving scheme Damaged status Not for loan Home library Current library Shelving location Date acquired Total Checkouts Full call number Barcode Date last seen Copy number Price effective from Koha item type
    Dewey Decimal Classification     London London Journal article 14/11/2011   L154332 154332-1001 06/08/2019 1 06/08/2019 Journal article